Normal view
MARC view
- Servomechanism fundamentals
Entry Topical Term
001 - CONTROL NUMBER
- control field: 111720
003 - CONTROL NUMBER IDENTIFIER
- control field: NUST
005 - DATE AND TIME OF LATEST TRANSACTION
- control field: 20230404115800.0
008 - FIXED-LENGTH DATA ELEMENTS
- fixed length control field: 230404|| aca||aabn | a|a d
040 ## - CATALOGING SOURCE
- Original cataloging agency: NUST
- Transcribing agency: NUST
150 ## - HEADING--TOPICAL TERM
- Topical term or geographic name entry element: Servomechanism fundamentals
670 ## - SOURCE DATA FOUND
- Source citation: Work cat.: (NUST)183979: Lauer, Henri 44479, Servomechanism fundamentals /, 1960
